| 000 | 00735nam a2200229Ia 4500 | ||
|---|---|---|---|
| 003 | OSt | ||
| 005 | 20220923224108.0 | ||
| 006 | a|||||r|||| 00| 0 | ||
| 007 | ta | ||
| 008 | Pun | ||
| 024 | _a225,534 | ||
| 037 | _cTextual | ||
| 040 |
_aARTS _cARTS _bPun |
||
| 041 |
_2Pun _aPun |
||
| 082 | _aQ8441:21:g, 153N0;P3 | ||
| 100 |
_aਘੁੰਮਣ, ਬਿਕਰਮ ਸਿੰਘ _9156274 |
||
| 245 | 0 | _aਆਸਾ ਦੀ ਵਾਰ ਚਿੰਤਨ ਤੇ ਕਲਾ | |
| 260 |
_aਅੰਮ੍ਰਿਤਸਰ _b ਵਾਰਿਸ Fਾਹ ਖ਼ਾਊਜ਼ਡੇFਨ _c2003 |
||
| 300 |
_a100ਪੰ _ccm. |
||
| 942 |
_hQ8441:21:g, 153N0;P3 _cTEXL _2CC |
||
| 999 |
_c369172 _d369172 |
||